| Tag |
First Indicator |
Second Indicator |
Subfields |
| LEADER |
00000cam a2200000 i 4500 |
| 001 |
in00000023428 |
| 005 |
20151007064428.0 |
| 008 |
791212s1978 gw b 00010 ger |
| 010 |
|
|
|a 79390608
|
| 015 |
|
|
|a GFR***
|
| 035 |
|
|
|a (OCoLC)05941676
|
| 035 |
|
|
|9 AAD9809AM
|
| 040 |
|
|
|a DLC
|c DLC
|d TXA
|d UtOrBLW
|
| 049 |
|
|
|a TXAM
|c [1160082]
|
| 050 |
0 |
0 |
|a QA1
|b .B763 Nr. 108
|a QA377
|
| 100 |
1 |
|
|a Meier, Michael.
|
| 245 |
1 |
0 |
|a Regulare und singulare Losungen quasilinearer elliptischer Gleichungen und Systeme /
|c Michael Meier.
|
| 264 |
|
1 |
|a Bonn :
|b Mathematischen Institut der Universitat Bonn,
|c 1978.
|
| 300 |
|
|
|a 197 pages ;
|c 21 cm.
|
| 336 |
|
|
|a text
|b txt
|2 rdacontent
|
| 337 |
|
|
|a unmediated
|b n
|2 rdamedia
|
| 338 |
|
|
|a volume
|b nc
|2 rdacarrier
|
| 490 |
1 |
|
|a Bonner mathematische Schriften ;
|v Nr. 108
|
| 500 |
|
|
|a Extra title page with thesis statement inserted.
|
| 502 |
|
|
|c Bonn.
|
| 504 |
|
|
|a Bibliography: pages 195-197.
|
| 650 |
|
0 |
|a Differential equations, Elliptic
|x Numerical solutions.
|
| 830 |
|
0 |
|a Bonner mathematische Schriften ;
|v Nr. 108.
|
| 999 |
|
|
|a MARS
|
| 999 |
f |
f |
|s a3370e60-34ee-32bf-980b-9285875eea60
|i fa8a3889-0ed7-3f19-a575-2d3813b77425
|t 0
|
| 952 |
f |
f |
|p ric
|a Texas A&M University
|b Rellis Campus
|c Joint Library Facility
|d Remote Storage
|t 0
|e QA1 .B763 Nr. 108
|h Library of Congress classification
|i unmediated -- volume
|m A14804415602
|
| 998 |
f |
f |
|a QA1 .B763 Nr. 108
|t 0
|l Remote Storage
|